00000000nam##2200000za#4500
0019.518407
003CaOODSP
00520200325143831
007ta
008150406|1991||||xxc|||||     f|0| 0 fre|d
040 |aCaOODSP|bfre
041 |aeng
041 |afre
043 |an-cn---
0861 |aYX3-1991/7
1101 |aCanada.|bStatuts.
24510|aLoi sur l'Institut canadien des langues patrimoniales : |b(Loi constituant l'Institut canadien des langues patrimoniales.)
2461 |iTitre abrégé : |aLois du Canada
260 |aOttawa - Ontario : |bStatuts |cSanctionnée le 1er février 1991.
300 |a9p. ; |c27 cm.
4901 |aLois du Parlement du Canada, 1991|v7
546 |aBilingue
590 |a91-11|b1991-03-15
791 |tCanadian Heritage Languages Institute Act : |eeng|w(CaOODSP)9.518406
830#0|aLois du Parlement du Canada, 1991 ;|v7|w(CaOODSP)9.509721